BEYOND PEACE (Record no. 2428)
[ view plain ]
| 000 -LEADER | |
|---|---|
| fixed length control field | 00625nam a22001457a 4500 |
| 020 ## - INTERNATIONAL STANDARD BOOK NUMBER | |
| ISBN | 0-679-43323-6 |
| 082 ## - DEWEY DECIMAL CLASSIFICATION NUMBER | |
| Classification number | 823 |
| Item number | NIX/B |
| 100 ## - MAIN ENTRY--AUTHOR NAME | |
| Personal name | NIXON, RICHARD |
| 245 ## - TITLE STATEMENT | |
| Title | BEYOND PEACE |
| 260 ## - PUBLICATION, DISTRIBUTION, ETC. (IMPRINT) | |
| Place of publication | NEW YORK |
| Name of publisher | RANDOM HOUSE |
| Year of publication | 1994 |
| 300 ## - PHYSICAL DESCRIPTION | |
| Number of Pages | 262 |
| 520 ## - SUMMARY, ETC. | |
| Summary, etc | Beyond Peace is a manifesto for a new America, written with visionary insight and a realistic idealism by the 37th President of the United States—and only completed weeks before his death. In this last testament, Nixon offers a new agenda for the United States and defines its role in the complex post-Cold War era. |
| 650 ## - SUBJECT ADDED ENTRY--TOPICAL TERM | |
| Topical Term | NOVEL |
| Geographic subdivision | UNITED STATES |
| 942 ## - ADDED ENTRY ELEMENTS (KOHA) | |
| Koha item type | Books |
| Withdrawn status | Lost status | Collection code | Home library | Current library | Shelving location | Date acquired | Source of acquisition | Full call number | Accession Number | Koha item type |
|---|---|---|---|---|---|---|---|---|---|---|
| Reference | Main Library | Main Library | SHELF 1-J-ENGLISH NOVELS FOR TEACHERS | 17/10/2011 | purchase | 823 NIX/B | 05519 | Books |